| 000 | 00582nam a2200181 a 4500 | ||
|---|---|---|---|
| 001 | 000001679 | ||
| 005 | 20250430073846.0 | ||
| 008 | 090625s2008 dr 000 0 spa d | ||
| 040 |
_aDO-SdBNP _bspa _cBNPHU |
||
| 082 |
_a158.1 _bF363b |
||
| 100 | 1 |
_aFernández Gómez, Carlota _95463 |
|
| 245 | 1 | 0 |
_aEn busca de la felicidad : _breflexiones / _cCarlota Fernández Gómez. |
| 260 |
_aSanto Domingo : _bÁbaco, _c2008. |
||
| 300 |
_a37 p. ; _c16 cm. |
||
| 650 | 0 |
_aAutorrealización (Psicología) _9211 |
|
| 650 | 4 |
_aReflexiones (filosofía) _95464 |
|
| 650 | 4 |
_aTécnicas de autoayuda _9387 |
|
| 999 |
_c1560 _d1560 |
||